Drums
Gespeichert in:
| 1. Verfasser: | |
|---|---|
| Format: | Buch |
| Sprache: | Undetermined |
| Veröffentlicht: |
New York, Estados Unidos
Charles Scribner's Sons
1965
|
| Schlagworte: | |
| Tags: |
Tag hinzufügen
Keine Tags, Fügen Sie den ersten Tag hinzu!
|
MARC
| LEADER | 00000nam a2200000Ia 4500 | ||
|---|---|---|---|
| 008 | 170316s9999 xx 000 0 und d | ||
| 090 | |a F-810 B-19d | ||
| 100 | |a Boyd, James | ||
| 245 | |a Drums | ||
| 260 | |a New York, Estados Unidos | ||
| 260 | |b Charles Scribner's Sons | ||
| 260 | |c 1965 | ||
| 300 | |a 492 páginas | ||
| 650 | |a LITERATURA ESTADOUNIDENSE | ||
| 650 | |a FICCIÓN | ||
| 999 | |c 28706 |d 28706 | ||
| 040 | |a cru BVZT | ||
| 942 | |c 15 D |h F-810 B-19d |2 z | ||
